skbl

Dr Suryya Kumar Bhuyan Library Web-OPAC
ডঃ সূৰ্য্য
কুমাৰ ভূঞা পুথিভঁৰাল ৱেব-অ'পেক

All Research Scholars are advised to clear the annual library fees to continue using Library Resources, Remote Access, Plagiarism Test and Library Clearance.

Cotton University Book Fair 2026

Foundations of Indian Political Thought: An Interpretation from Manu to the Present Day / (Record no. 17072)

MARC details
000 -LEADER
fixed length control field 00754nam a2200265Ia 4500
001 - CONTROL NUMBER
control field 17090
005 - DATE AND TIME OF LATEST TRANSACTION
control field 20240113235744.0
007 - PHYSICAL DESCRIPTION FIXED FIELD--GENERAL INFORMATION
fixed length control field ta
008 - FIXED-LENGTH DATA ELEMENTS--GENERAL INFORMATION
fixed length control field 051227s1996 a g b000 u 465 u
020 ## - INTERNATIONAL STANDARD BOOK NUMBER
International Standard Book Number 81-7304-157-1
040 ## - CATALOGING SOURCE
Original cataloging agency Cotton College,Assam
041 ## - LANGUAGE CODE
Language code of text/sound track or separate title 465
082 ## - DEWEY DECIMAL CLASSIFICATION NUMBER
Classification number 320.1
Item number Me 474 Fo
100 ## - MAIN ENTRY--PERSONAL NAME
Personal name Mehta, V.R. .
245 #0 - TITLE STATEMENT
Title Foundations of Indian Political Thought: An Interpretation from Manu to the Present Day /
Statement of responsibility, etc. V.R.Mehta.
Medium Textual Documents
250 ## - EDITION STATEMENT
Edition statement Rev.ed. /
260 ## - PUBLICATION, DISTRIBUTION, ETC.
Place of publication, distribution, etc. New Delhi :
Name of publisher, distributor, etc. Manohar ,
Date of publication, distribution, etc. 1996.
300 ## - PHYSICAL DESCRIPTION
Extent 306p. :
Other physical details ill ;
Dimensions 22cm .
504 ## - BIBLIOGRAPHY, ETC. NOTE
Bibliography, etc. note index
653 ## - INDEX TERM--UNCONTROLLED
Uncontrolled term Political Thought-India
653 ## - INDEX TERM--UNCONTROLLED
Uncontrolled term G-Political Science
942 ## - ADDED ENTRY ELEMENTS (KOHA)
Source of classification or shelving scheme Dewey Decimal Classification
Koha item type Books
Holdings
Withdrawn status Lost status Damaged status Not for loan Collection Home library Current library Date acquired Coded location qualifier Total checkouts Total renewals Full call number Barcode Date last seen Date last checked out Copy number Price effective from Koha item type
          Dr. Suryya Kumar Bhuyan Library Dr. Suryya Kumar Bhuyan Library 01/02/2012 00000 1 2 320.1 Me 474 Fo 326/Pol.Sc 03/06/2024 29/04/2024 1 01/02/2012 Books

Designed and Maintained by Team SKBL
©1901-2026

Powered by Koha